| 000 | 00913nam a2200229 a 4500 | ||
|---|---|---|---|
| 001 | BRCA_2322 | ||
| 005 | 20190320203747.0 | ||
| 008 | 100908s2006----mx-#---###---#000-0#spa-# | ||
| 020 | _a9689068067 | ||
| 050 | 4 |
_aRM88 _b.B75 2006 |
|
| 100 | 1 |
_aBrito, Carlos _96981 |
|
| 245 | 1 | 0 |
_aFormulario del maestro de Farmacia don Carlos Brito para la botica que administra y está a su cargo. Hospital General de San Pedro. Puebla, 1849 _cestudio introductorio, edición y notas de Ana María D. Huerta Jaramillo. |
| 260 |
_aMéxico _bApoyo al Desarrollo de Archivos y Bibliotecas de México _c2006 |
||
| 300 |
_a167 p. _c25 cm. |
||
| 500 | _aIncluye índice de fórmulas (por número) | ||
| 504 | _aBibliografía : p. 161-163 | ||
| 650 | 1 | 4 |
_aFarmacología _96982 |
| 650 | 1 | 4 |
_aBotánica médica _yTrabajos anteriores a 1900 _96983 |
| 653 | 0 | _aADABI | |
| 700 | 1 |
_aHuerta Jaramillo, Ana María D _96984 |
|
| 942 |
_2lcc _cB |
||
| 999 |
_c2067 _d2067 |
||